| 000 | 01426nam0a2200301 4500 | ||
|---|---|---|---|
| 001 | RU\NLR\bibl\1663357 | ||
| 005 | 20250616041904.0 | ||
| 010 |
_a978-5-7237-0824-2 _9150 |
||
| 021 |
_aRU _b2010-51975 _93424 |
||
| 035 | _a(NLR Aleph) 001654639 | ||
| 090 |
_a943517 _c943517 |
||
| 100 | _a20100812d2010 |||y0rusy50 ca | ||
| 101 | 0 | _arus | |
| 102 | _aRU | ||
| 105 | _aa ||||||||| | ||
| 200 | 1 |
_aАналитическая химия и окружающая среда _eучебное пособие _fС.В. Земятова _gМ-во образования и науки Рос. Федерации, Гос. образоват. учреждение высш. проф. образования "Рос. хим.-технол. ун-т им. Д.И. Менделеева" |
|
| 210 |
_aМосква _cРоссийский химико-технологический университет _d2010 |
||
| 215 |
_a103 с. _cил. _d21 |
||
| 320 | _aБиблиогр.5 с. 101-102 (31 назв.) | ||
| 606 | 1 |
_aЭкологическая химия _jУчебные издания для высших учебных заведений _91988825 _3RU\NLR\auth\661198632 |
|
| 686 | _aЕ081.2я73 | ||
| 700 | 1 |
_aЗемятова _bС. В. _gСветлана Владимировна _4070 |
|
| 801 | 0 |
_aRU _bNLR _c20100812 _gRCR |
|
| 801 | 1 |
_aRU _bNLR _c20100812 |
|
| 830 | _aавт. по кн. | ||
| 942 | _cBOOK | ||
| 980 | _aNB | ||